000 00784nas a2200253 4500
001 BR0101362
003 BR-BrBNA
005 20231205102132.0
007 ta
008 230509b bl.|||p| |||| 00| 00por d
040 _aBR-BrBNA
_bpor
_cBiblioteca Nacional de Agricultura
041 _a(Pt)
072 _aP34
100 1 _aColozzi Filho, A.
100 1 _aCardoso, E.J.B.N.
245 1 _aDeteccao de fungos micorrizicos arbusculares em raizes de cafeeiro e de crotalaria cultivada na entrelinha
650 _aCafe
650 _aCrotalaria
650 _aMicorriza
650 _aRaiz
773 0 _tPesquisa Agropecuaria Brasileira (Brazil)
_xISSN 0100-204X
_g(Oct 2000), v. 35(10) p. 2033-2042
_wBR0101362
909 _a202311
_bLúcia
_c55
_dLúcia Elande
942 _2AGRIS
_n0
_cANA
999 _c165934
_d165934